00683nam a2200193 a 450000100060000000300090000600800410001502000150005604000280007108200200009910000470011924500320016625000110019826000270020930000100023650501670024665000230041365000530043622877CO-ViMGA141112s2004 ck r 000 u spa d a970151131X aCO-ViMGAbspacCO-ViMGA04aMEVIGAPOR M177h1 aMartìn Martìn, Pozuelo Josè Marìa10aHardware Microinformático a4a Ed. aMéxico : bAlfaomega a602p. aArquitectura en un pc, Placas base, Microprocesadores, Memorizando datos, Tarjetas Gràficas o vìdeo, Monitores, Soportes Fisicos, Comunicacion con el exterior14aMICROCOMPUTADORES 14aMICROCOMPUTADORES - EQUIPOS DE ENTRADA - SALIDAD